000 00354 a2200157 4500
001 181597
020 _a
040 _cMagnum
100 _a-
240 1 0 _aA ratinha da cidade e a ratinha do campo
_lpor
245 1 0 _aA ratinha da cidade e a ratinha do campo
362 0 _a1899
440 1 _aScipione
697 _aMAGNITO: IJ/CONTOS
942 _cBK
999 _c181597
_d181597